Plaga de palomas /
The unsolved murder of a farm family haunts the small, white, off-reservation town of Pluto, North Dakota. The vengeance exacted for this crime and the subsequent distortions of truth transform the lives of Ojibwe living on the nearby reservation and shape the passions of both communities for the ne...
保存先:
| 第一著者: | |
|---|---|
| その他の著者: | |
| フォーマット: | 電子媒体 eBook |
| 言語: | スペイン語 |
| 出版事項: |
Madrid :
Ediciones Siruela,
enero 2012.
|
| 版: | Edición en formato digital. |
| シリーズ: | Nuevos tiempos (Madrid, Spain) ;
162. |
| 主題: | |
| オンライン・アクセス: | Digitalia Hispánica |
| タグ: |
タグ追加
タグなし, このレコードへの初めてのタグを付けませんか!
|
MARC
| LEADER | 00000nam a2200000Ii 4500 | ||
|---|---|---|---|
| 001 | DIGSIRLA0362 | ||
| 003 | NyNyDIG | ||
| 008 | 160331t20122012sp o 000 f spa d | ||
| 006 | m o d | ||
| 007 | cr ||||||||||| | ||
| 035 | |a (OCoLC)945876603 | ||
| 040 | |a DGITA |b eng |e rda |e pn |c DGITA | ||
| 020 | |a 9788498415353 |q (eBook ; |q ePub) | ||
| 020 | |a 8498415357 |q (eBook ; |q ePub) | ||
| 020 | |a 9788498415377 |q (eBook ; |q Kindle) | ||
| 020 | |a 8498415373 |q (eBook ; |q Kindle) | ||
| 020 | |z 9788498413687 | ||
| 020 | |z 8498413680 | ||
| 043 | |a n-us-nd | ||
| 050 | 1 | 4 | |a PS3555.R42 eBook |
| 082 | 0 | 4 | |a 813.54 |2 23 |
| 100 | 1 | |a Erdrich, Louise, |e author. | |
| 240 | 1 | 0 | |a Plague of doves. |l Spanish |
| 245 | 1 | 0 | |a Plaga de palomas / |c Louise Erdrich ; traducción del inglés de Susana de la Higuera Glynne-Jones. |
| 250 | |a Edición en formato digital. | ||
| 264 | 1 | |a Madrid : |b Ediciones Siruela, |c enero 2012. | |
| 264 | 4 | |c ©2012 | |
| 300 | |a 1 online resource. | ||
| 336 | |a text |b txt |2 rdacontent | ||
| 337 | |a computer |b c |2 rdamedia | ||
| 338 | |a online resource |b cr |2 rdacarrier | ||
| 490 | 1 | |a Nuevos tiempos ; |v 162 | |
| 520 | |a The unsolved murder of a farm family haunts the small, white, off-reservation town of Pluto, North Dakota. The vengeance exacted for this crime and the subsequent distortions of truth transform the lives of Ojibwe living on the nearby reservation and shape the passions of both communities for the next generation. | ||
| 588 | 0 | |a Online resource; title from ePub title page (Digitalia, viewed April 1, 2016) | |
| 650 | 0 | |a Indians of North America |v Fiction. | |
| 650 | 0 | |a Ojibwa Indians |v Fiction. | |
| 651 | 0 | |a North Dakota |v Fiction. | |
| 650 | 0 | |a Murder |v Fiction. | |
| 650 | 0 | |a Revenge |v Fiction. | |
| 655 | 0 | |a Electronic books. | |
| 700 | 1 | |a Higuera Glynne-Jones, Susana de la, |e translator. | |
| 700 | 1 | |i Translation of: |a Erdrich, Louise. |t Plague of doves. | |
| 791 | 2 | |a Digitalia (Firm), |e distributor. | |
| 793 | 0 | |g Digitalia eBook Collection: |a Siruela | |
| 776 | 0 | 8 | |i Print version: |a Erdrich, Louise. |s Plague of doves. Spanish. |t Plaga de palomas. |d Madrid : Ediciones Siruela, 2010 |z 9788498413687 |w (OCoLC)548597151 |
| 830 | 0 | |a Nuevos tiempos (Madrid, Spain) ; |v 162. | |
| 856 | 4 | 0 | |3 Digitalia Hispánica |u https://digitalia.unach.elogim.com/a/32180/ |
| 910 | |a Premium Collection: 2016 | ||